| 000 | 00676cam a22002174a 4500 | ||
|---|---|---|---|
| 001 | 12487263 | ||
| 005 | 20251030120315.0 | ||
| 008 | 010730s2002 njua b 001 0 eng c | ||
| 020 |
_a0838571107 _qpbk. |
||
| 020 |
_a9780838571101 _q(pbk.) |
||
| 050 | 0 | 0 |
_aRT84.5 _b.N89 2002 |
| 082 | 0 | 0 |
_a610.73/01 _221 |
| 245 | 0 | 0 |
_aNursing theories : _bthe base for professional nursing practice / _c[edited by] Julia B. George. |
| 250 | _a5th ed. | ||
| 260 |
_aUpper Saddle River, N.J. : _bPrentice Hall, _cc2002. |
||
| 300 |
_axi, 611 p. : _bill. ; _c24 cm. |
||
| 650 | 0 |
_aNursing _xPhilosophy. |
|
| 650 | 1 | 2 | _aNursing Theory. |
| 700 | 1 | _aGeorge, Julia B. | |
| 942 |
_2lcc _cBK _e5th ed. _n0 |
||
| 999 |
_c7945 _d7945 |
||